000
00368nam a2200169Ia 4500
100
_a
Balabanian/Norman
650
_a
Logic Design
942
_c
BK
366
_f
20
654
_a
logic design
245
_a
Digital logic design principles
260
_b
Wiley student edition
_a
Mumbai
_c
2002
082
_b
BAL
300
_a
373
546
_a
ENGLISH
999
_c
24312
_d
24312